Bairros de Campinas - Statistics

Estatísticas Gerais
  • Esse quiz foi jogado 48 vezes
  • A pontuação média é 13 de 180
Estatísticas das Respostas
Região Central % Correto
Cambuí
78%
Centro
69%
Botafogo
50%
Taquaral
47%
Guanabara
42%
Jardim Chapadão
36%
Nova Campinas
33%
Parque Prado
33%
Vila Industrial
33%
Alphaville
25%
Ponte Preta
25%
Gramado
22%
Jardim Aurélia
22%
Jardim Eulina
22%
Jardim Nova Europa
22%
Vila Itapura
22%
Bosque
19%
Jardim do Trevo
19%
Bonfim
17%
Chácara da Barra
17%
Jardim Guarani
17%
Jardim São Marcos
17%
Parque Jambeiro
17%
São Bernardo
17%
Swiss Park
17%
Mansões Santo Antônio
14%
Parque Industrial
14%
Parque Via Norte
14%
Vila Brandina
14%
Vila Georgina
14%
Vila Nova
14%
Jardim Flamboyant
11%
Jardim Santa Mônica
11%
Jardim São José
11%
Parque Santa Bárbara
11%
Vila Boa Vista
11%
Vila Marieta
11%
Chácara Primavera
8%
Jardim Carlos Lourenço
8%
Jardim do Vovô
8%
Jardim Paranapanema
8%
Jardim Planalto
8%
Jardim Proença
8%
Jardim Santa Genebra
8%
Jardim São Fernando
8%
Parque dos Pomares
8%
Parque São Jorge
8%
Cidade Jardim
6%
Jardim Amazonas
6%
Jardim Campineiro
6%
Jardim das Oliveiras
6%
Jardim das Paineiras
6%
Jardim Guanabara
6%
Jardim Leonor
6%
Jardim Míriam
6%
Jardim Nilópolis
6%
Jardim Nova América
6%
Jardim São Domingos
6%
Parque da Figueira
6%
Parque da Hípica
6%
Parque das Flores
6%
Parque Fazendinha
6%
Parque Imperador
6%
Parque Oziel
6%
Parque Taquaral
6%
Vila Campos Sales
6%
Vila Costa e Silva
6%
Vila Olímpia
6%
Vila Rica
6%
Vila San Martin
6%
Alto do Taquaral
3%
Bananal
3%
Jardim Bom Retiro
3%
Jardim Conceição
3%
Jardim das Palmeiras
3%
Jardim Esmeraldina
3%
Jardim Icaraí
3%
Jardim Ipiranga
3%
Jardim Irajá
3%
Jardim Itatiaia
3%
Jardim Madalena
3%
Jardim Miranda
3%
Jardim Nova Iorque
3%
Jardim Pacaembu
3%
Jardim Paraíso
3%
Jardim Santa Cândida
3%
Jardim Santa Odila
3%
Jardim Tamoio
3%
Jardim Von Zuben
3%
Notre Dame
3%
Parque das Universidades
3%
Recanto dos Dourados
3%
Vila 31 de Março
3%
Vila Aurocan
3%
Vila Formosa
3%
Vila Lemos
3%
Vila Maria
3%
Vila Miguel Vicente Cury
3%
Vila Mimosa
3%
Vila Nogueira
3%
Vila Pompeia
3%
Vila Proost de Sousa
3%
Campo dos Amarais
0%
Carlos Gomes
0%
Chácara Gargantilha
0%
Fundação Casa Popular
0%
Jardim Anchieta
0%
Jardim Bandeirantes
0%
Jardim Baronesa
0%
Jardim Bela Vista
0%
Jardim Belo Horizonte
0%
Jardim Boa Esperança
0%
Jardim Campinas
0%
Jardim Campo Belo I
0%
Jardim Campo Belo II
0%
Jardim das Andorinhas
0%
Jardim do Lago I
0%
Jardim do Lago II
0%
Jardim Dom Bosco
0%
Jardim Estoril
0%
Jardim Fernanda I
0%
Jardim Fernanda II
0%
Jardim Interlagos
0%
Jardim Irmãos Sigrist
0%
Jardim Itaiú
0%
Jardim Itamarati
0%
Jardim IV Centenário
0%
Jardim Magnólia
0%
Jardim Marisa
0%
Jardim Monte Belo I
0%
Jardim Monte Belo II
0%
Jardim Nossa Senhora Auxiliadora
0%
Jardim Nossa Senhora de Lourdes
0%
Jardim Nova Mercedes
0%
Jardim Novo São José
0%
Jardim Novo Taquaral
0%
Jardim Ouro Branco
0%
Jardim Paulistano
0%
Jardim Primavera
0%
Jardim Professora Tarcilla
0%
Jardim Samambaia
0%
Jardim Santa Cruz
0%
Jardim Santa Eudóxia
0%
Jardim Santa Judith
0%
Jardim Santa Marcelina
0%
Jardim Santana
0%
Jardim São Carlos
0%
Jardim São Gabriel
0%
Jardim São Pedro
0%
Jardim São Rafael
0%
Jardim São Vicente
0%
Loteamento Center Santa Genebra
0%
Parque Brasília
0%
Parque Camélias
0%
Parque Cidade de Campinas
0%
Parque dos Cisnes
0%
Parque Eldorado
0%
Parque São Martinho
0%
Parque São Quirino
0%
Parque Shangrilá
0%
Residencial Campo Florido
0%
Residencial Parque Bandeirantes
0%
Residencial Shangrilá
0%
Vila Gênesis
0%
Vila IAPI
0%
Vila Iepê
0%
Vila Iza
0%
Vila Joaquim Inácio
0%
Vila Marta
0%
Vila Nova São José
0%
Vila Orozimbo Maia
0%
Vila Palmeiras
0%
Vila Progresso
0%
Vila Rossi e Siqueira
0%
Vila Santana
0%
Vila São Bento
0%
Vila Teixeira
0%
Nenhum quiz correspondente encontrado
Distribuição das Pontuações
Porcentagem de Pessoas com Cada Pontuação
Percentil de Números Respondidos
Sua Pontuação Histórica
Você não jogou esse quiz